| 000 | 00547nam a2200193Ia 4500 | ||
|---|---|---|---|
| 001 | 5739 | ||
| 003 | GE_BSU | ||
| 008 | 181216s||||||||xx |||||||||||||| ||und|| | ||
| 040 | _cGE_BSU | ||
| 080 | _a512.64+517.98 | ||
| 100 | _aГлазман и.м.,любич ю.и | ||
| 245 | _aконечномерный линейный анализ в задачахn | ||
| 260 | _aМосква | ||
| 260 | _bНаука, | ||
| 260 | _c1969 | ||
| 300 | _a475 с.20см. | ||
| 653 | _aконечномерный линейныйв задача | ||
| 942 | _cBK | ||
| 999 |
_c39156 _d39156 |
||